000 00704nam a22002297a 4500
005 20161205113057.0
010 _aENG-116719
020 _a9788184845440
_c850.00
035 _aEN-100251
037 _bDBAD/PUB
082 _a338.927091724
245 _aTechnology sustainability and managing development /
_cedited by Sadip Kar...[et al]
260 _aNew Delhi
_bRegal Publications
_c2016
270 _aF-159 Rajouri Garden
_bNew Delhi
_e110027
300 _ax,195p. :
_bill
_c22cm(Hb)
500 _aIncludes index
700 _aKar, Sandip
700 _aRubaiyet Hasan Khan
700 _aErshad Ali
700 _aGeetha Subramaniam
942 _2ddc
_cEN
_h338.927091724
_mTEC
999 _c104942
_d104942